[Event "IHEM 2001"]
[Site "?"]
[Date "2001.06.04"]
[Round "3.8"]
[White "Trisic, Alexandar"]
[Black "Reeh, Oliver"]
[Result "1/2-1/2"]
[WhiteElo "2283"]
[BlackElo "2414"]
[PlyCount "85"]
[EventDate "2001.??.??"]

1. e4 c5 2. Nc3 Nc6 3. g3 g6 4. Bg2 Bg7 5. d3 d6 6. f4 e6 7. Nf3 Nge7 8. O-O
O-O 9. Be3 Nd4 10. Bf2 Rb8 11. Rb1 b5 12. Ne2 Nxf3+ 13. Bxf3 b4 14. d4 Qc7 15.
Qd2 cxd4 16. Nxd4 e5 17. Ne2 Be6 18. Rfc1 Rfd8 19. c4 b3 20. axb3 Rxb3 21. Nc3
Qb8 22. Bd1 Rb7 23. b3 f5 24. Bc2 exf4 25. gxf4 Rf8 26. Re1 Rd7 27. Nd5 Nxd5
28. exd5 Bf7 29. Re2 Qd8 30. Bd4 Bxd4+ 31. Qxd4 Qb6 32. Qxb6 axb6 33. Ra1 b5
34. Bd3 bxc4 35. Bxc4 Rc8 36. Kf2 Rc5 37. Rd1 Ra7 38. Ke3 Raa5 39. Red2 Kg7 40.
Kf2 Ra3 41. Rd3 Ra2+ 42. R1d2 Ra1 43. Rd1 {(=)} 1/2-1/2

[Event "IHEM 2001"]
[Site "?"]
[Date "2001.06.04"]
[Round "3.9"]
[White "Dankert, Peter"]
[Black "Siebrecht, Sebastian"]
[Result "0-1"]
[WhiteElo "2232"]
[BlackElo "2393"]
[PlyCount "110"]
[EventDate "2001.??.??"]

1. d4 g6 2. Nf3 Bg7 3. e4 c6 4. h3 d5 5. exd5 cxd5 6. Bd3 Nc6 7. O-O Nh6 8. Re1
Nf5 9. c3 Nd6 10. Bf4 Bf5 11. Bxf5 Nxf5 12. Qb3 Qd7 13. Na3 O-O 14. Ne5 Bxe5
15. Bxe5 Rac8 16. Rad1 a6 17. Qb6 Rfe8 18. Nc2 Nd8 19. Ne3 Nxe3 20. Rxe3 Qa4
21. b3 Qxa2 22. Bc7 Qc2 23. Rde1 e6 24. Bxd8 Rcxd8 25. Qxb7 a5 26. Rf3 {(=)}
26... Rf8 27. Qb6 Rb8 28. Qxa5 Rxb3 29. Qc5 Rb1 30. Rxb1 Qxb1+ 31. Kh2 Qe4 32.
Qc7 h5 33. Rf4 Qb1 34. Rf3 Qb2 35. h4 Qb5 36. Rf4 Qc4 37. Qxc4 dxc4 38. Re4 Rb8
39. Kg3 Kg7 40. Kf4 Rb2 41. Kf3 Rc2 42. Re3 Kf6 43. Kg3 g5 44. hxg5+ Kxg5 45.
f4+ Kg6 46. Kh3 Rd2 47. g3 Rd3 48. Re5 Rxc3 49. d5 exd5 50. Rg5+ Kh6 51. Rxd5
Rc1 52. Rd6+ Kg7 53. Kh4 c3 54. Rc6 c2 55. Kg5 h4 0-1

[Event "IHEM 2001"]
[Site "?"]
[Date "2001.06.04"]
[Round "3.10"]
[White "Bach, Matthias"]
[Black "Meier, David-Geffrey"]
[Result "0-1"]
[WhiteElo "2339"]
[BlackElo "2083"]
[PlyCount "102"]
[EventDate "2001.??.??"]

1. d4 d5 2. c4 c6 3. Nc3 Nf6 4. Nf3 e6 5. g3 dxc4 6. Bg2 b5 7. O-O Bb7 8. e4 a6
9. e5 Nd5 10. Ng5 h6 11. Nge4 Be7 12. f4 g6 13. Nc5 Qb6 14. Nxb7 Qxb7 15. g4
Nd7 16. f5 O-O-O 17. Nxd5 cxd5 18. fxe6 fxe6 19. Rf7 Rde8 20. Be3 Kd8 21. Qd2
g5 22. b3 Ref8 23. Rxf8+ Rxf8 24. bxc4 bxc4 25. Qc2 Qb4 26. Rb1 Qa3 27. Bd2 Re8
28. Rb7 Rf8 29. Ra7 Bb4 30. Qh7 Qa4 31. Rxd7+ Qxd7 32. Qxd7+ Kxd7 33. Bxb4 Rf4
34. Bc3 Rxg4 35. Kf2 Rf4+ 36. Ke3 Rh4 37. h3 Rf4 38. Be1 Rf8 39. Kd2 Kc6 40.
Bg3 Kb5 41. Be1 Kb4 42. h4 g4 43. h5 Ka3 44. Kc3 Kxa2 45. Kb4 Kb2 46. Kc5 c3
47. Kd6 c2 48. Bd2 Rf2 49. Bxh6 Rxg2 50. Kxe6 Rh2 51. Kf6 Rxh5 0-1

[Event "IHEM 2001"]
[Site "?"]
[Date "2001.06.04"]
[Round "3.15"]
[White "Fjodorow, Peter"]
[Black "Klarner, William R"]
[Result "1/2-1/2"]
[WhiteElo "2040"]
[BlackElo "2197"]
[PlyCount "43"]
[EventDate "2001.??.??"]

1. e4 c5 2. Nf3 e6 3. d4 cxd4 4. Nxd4 Nc6 5. Nc3 a6 6. Be3 Qc7 7. Be2 Nf6 8.
O-O Bb4 9. Nxc6 Bxc3 10. Na7 Bxb2 11. Rb1 Ba3 12. Bb6 Qd6 13. Bd3 Qb8 14. Rb3
Be7 15. Nxc8 Qxc8 16. e5 Nd5 17. Qg4 g6 18. Rfb1 O-O 19. c4 Nxb6 20. Rxb6 Rb8
21. Qe4 {(=)} 21... f5 22. Qf3 1/2-1/2

[Event "IHEM 2001"]
[Site "?"]
[Date "2001.06.05"]
[Round "4.3"]
[White "Rogozenko, Dorian"]
[Black "Loeffler, Stefan"]
[Result "1-0"]
[WhiteElo "2537"]
[BlackElo "2413"]
[PlyCount "123"]
[EventDate "2001.??.??"]

1. d4 d5 2. Nf3 e6 3. e3 Nf6 4. Bd3 Nbd7 5. Nbd2 Bd6 6. c4 O-O 7. c5 Be7 8. b4
a5 9. b5 e5 10. Nxe5 Nxe5 11. dxe5 Nd7 12. Qc2 h6 13. Bb2 Nxc5 14. O-O Nxd3 15.
Qxd3 c5 16. f4 Qb6 17. f5 c4 18. Qe2 Bc5 19. Rae1 Qxb5 20. Nb3 Bb4 21. Rc1 Qe8
22. a3 c3 23. Ba1 Qxe5 24. axb4 axb4 25. Rf4 Bxf5 26. Rxb4 Rfc8 27. Qe1 Be4 28.
Rxc3 Qg5 29. Rxc8+ Rxc8 30. Qg3 Rc2 31. Qxg5 hxg5 32. Be5 Rxg2+ 33. Kf1 Ra2 34.
Nc5 Bg2+ 35. Kg1 Re2 36. Rb2 Rxb2 37. Bxb2 Be4 38. Nxb7 f6 39. Nd6 Bd3 40. Kf2
Kh7 41. Ke1 Kg6 42. Ba3 Kh5 43. Ne8 Kg6 44. Kd2 Bf1 45. Kc3 f5 46. Bd6 f4 47.
exf4 gxf4 48. Bxf4 Kf5 49. Bg3 g6 50. Kd4 Bg2 51. Nc7 Be4 52. Nxd5 Bb1 53. Ne3+
Ke6 54. Bf4 Ba2 55. Ke4 Kf6 56. Kf3 Be6 57. Kg3 Ba2 58. Kh4 Bb1 59. Bc7 Be4 60.
Bd8+ Kg7 61. Kg5 Bb1 62. Bf6+ 1-0

[Event "IHEM 2001"]
[Site "?"]
[Date "2001.06.05"]
[Round "4.4"]
[White "Brodsky, Michail"]
[Black "Siebrecht, Sebastian"]
[Result "1-0"]
[WhiteElo "2529"]
[BlackElo "2393"]
[PlyCount "81"]
[EventDate "2001.??.??"]

1. e4 Nc6 2. Nf3 d6 3. d4 Nf6 4. c3 g6 5. Bd3 Bg7 6. O-O O-O 7. Re1 e5 8. h3 h6
9. Na3 a6 10. Nc2 Nh5 11. Be3 Qf6 12. a4 Nf4 13. Bxf4 Qxf4 14. Ne3 Qf6 15. dxe5
dxe5 16. Qe2 Nb8 17. Rad1 Nd7 18. a5 c6 19. Nc4 Qd8 20. Bc2 Qc7 21. b4 b5 22.
axb6 Nxb6 23. Nxb6 Qxb6 24. Nd2 Qc7 25. Nb3 Re8 26. Ra1 Bf8 27. Ra5 Rd8 28. Bd3
Be6 29. Bc4 Qd7 30. Nc5 Bxc4 31. Qxc4 Qd2 32. Rf1 Bxc5 33. Rxc5 Qc2 34. Rxc6
Kg7 35. Rc7 Rf8 36. f4 Rad8 37. fxe5 Rd1 38. Rcxf7+ Rxf7 39. Qxf7+ Kh8 40. Rxd1
Qxd1+ 41. Kh2 1-0

[Event "IHEM 2001"]
[Site "?"]
[Date "2001.06.05"]
[Round "4.5"]
[White "Mueller, Karsten"]
[Black "Buhr, Carl Christian"]
[Result "1/2-1/2"]
[WhiteElo "2525"]
[BlackElo "2392"]
[PlyCount "133"]
[EventDate "2001.??.??"]

1. e4 c6 2. c4 g6 3. d4 Bg7 4. Nc3 d6 5. Be3 Nf6 6. Be2 O-O 7. h4 h5 8. Qd2 a5
9. O-O-O a4 10. a3 Qa5 11. f3 Nbd7 12. g4 e5 13. Kb1 Rb8 14. g5 Ne8 15. f4 exd4
16. Bxd4 Nc5 17. Bxg7 Nxg7 18. Nf3 Rd8 19. f5 b5 20. cxb5 cxb5 21. Nd5 Qxd2 22.
Nxd2 gxf5 23. Ne7+ Kf8 24. Nc6 Bb7 25. Nxd8 Rxd8 26. Bxb5 fxe4 27. Nc4 d5 28.
Ne5 Bc8 29. Rc1 Nb3 30. Rc7 Be6 31. Bxa4 Nd2+ 32. Kc2 e3 33. Kd3 d4 34. Bd7 Bd5
35. Re1 Be4+ 36. Kxd4 Ne6+ 37. Kxe3 Nxc7 38. Kxd2 Bf5 39. Rf1 Bxd7 40. Rxf7+
Ke8 41. Ke1 Ne6 42. g6 Ba4 43. Rh7 Rd1+ 44. Kf2 Rd2+ 45. Ke3 Rxb2 46. g7 Nxg7
47. Rxg7 Rb3+ 48. Kf4 Rxa3 49. Ra7 Rh3 50. Kg5 Bd1 51. Kf6 Bf3 52. Ke6 Kd8 53.
Kd6 Kc8 54. Rc7+ Kb8 55. Nd7+ Ka8 56. Nb6+ Kb8 57. Nd7+ Ka8 58. Rc2 Kb7 59.
Rb2+ Ka6 60. Ne5 Bh1 61. Rb4 Re3 62. Rf4 Re4 63. Rxe4 Bxe4 64. Nd7 Bf3 65. Ke5
Kb7 66. Kf4 Kc7 67. Nf6 {(=)} 1/2-1/2

[Event "IHEM 2001"]
[Site "?"]
[Date "2001.06.05"]
[Round "4.7"]
[White "Meier, David-Geffrey"]
[Black "Levin, Felix"]
[Result "0-1"]
[WhiteElo "2083"]
[BlackElo "2535"]
[PlyCount "63"]
[EventDate "2001.??.??"]

1. d4 Nf6 2. c4 e6 3. Nf3 d5 4. Nc3 dxc4 5. e3 a6 6. Bxc4 b5 7. Bb3 c5 8. O-O
Bb7 9. Qe2 Nbd7 10. Rd1 Qc7 11. d5 exd5 12. Nxd5 Nxd5 13. Bxd5 Bxd5 14. Rxd5
Be7 15. e4 Nb6 16. Rd1 O-O 17. g3 Rfe8 18. Bf4 Qb7 19. Re1 c4 20. Nd4 Bb4 21.
Nf5 Bxe1 22. Nd6 Qc6 23. Nxe8 Bxf2+ 24. Qxf2 Rxe8 25. Rd1 Na4 26. e5 h6 27. Rd6
Qe4 28. Rd7 Qb1+ 29. Kg2 Qxb2 30. Bd2 Rf8 31. Qf5 Nc5 32. Rd5 0-1

[Event "IHEM 2001"]
[Site "?"]
[Date "2001.06.05"]
[Round "4.8"]
[White "Pajeken, Wolfgang"]
[Black "Kopylov, Michael"]
[Result "1-0"]
[WhiteElo "2337"]
[BlackElo "2444"]
[PlyCount "209"]
[EventDate "2001.??.??"]

1. d4 Nf6 2. Nf3 g6 3. c4 Bg7 4. Nc3 O-O 5. g3 d6 6. Bg2 Nc6 7. O-O a6 8. b3
Rb8 9. Bb2 b5 10. cxb5 axb5 11. d5 Na5 12. Nd4 b4 13. Na4 e5 14. Nc6 Nxc6 15.
dxc6 Ba6 16. a3 e4 17. axb4 Qe8 18. Qc2 Rxb4 19. Nc5 Bxe2 20. Qxe2 dxc5 21. Ba3
Rxb3 22. Bxc5 Qxc6 23. Bxf8 Bxf8 24. Rfe1 Bc5 25. Bxe4 Nxe4 26. Qxe4 Qxe4 27.
Rxe4 Rb2 28. Rf4 Rd2 29. Ra8+ Kg7 30. Rc8 Bd6 31. Rf3 h5 32. Rd8 f5 33. Rc3 Ra2
34. Rd7+ Kf6 35. Rc6 Kg5 36. h4+ Kh6 37. Rc4 Ra6 38. Rf7 Ra2 39. Kg2 Ra3 40.
Rc2 Ra8 41. f4 Re8 42. Kf3 Ra8 43. Rd7 Rg8 44. Ke3 Rg7 45. Rxg7 Kxg7 46. Kd4
Kf6 47. Kd5 Ke7 48. Kc6 Ke6 49. Re2+ Kf6 50. Kd7 Kf7 51. Ra2 Kf6 52. Ra4 Kf7
53. Ra6 Kg7 54. Rc6 Kf7 55. Rc1 Kf6 56. Rd1 Kf7 57. Rd3 Bc5 58. Kxc7 Bf2 59.
Kd6 Kf6 60. Kd5 Be1 61. Rf3 Bd2 62. Rd3 Be1 63. Ra3 Bf2 64. Ra6+ Kg7 65. Ke6
Bxg3 66. Ra7+ Kh6 67. Kf7 Kh7 68. Ra6 Bxf4 69. Rxg6 Bc7 70. Rg7+ Kh6 71. Rg8
Kh7 72. Rg5 Kh6 73. Rxf5 Bg3 74. Rf6+ Kh7 75. Rf3 Be1 76. Re3 Bd2 77. Re4 Bc1
78. Kf6 Bd2 79. Re2 Bc1 80. Kf5 Kg7 81. Re7+ Kh6 82. Re6+ Kh7 83. Rg6 Bd2 84.
Rg2 Bc1 85. Kf6 Be3 86. Kf7 Bc1 87. Kf6 Be3 88. Rg7+ Kh6 89. Re7 Bd2 90. Kf5
Bc1 91. Rc7 Be3 92. Rc3 Bd2 93. Rd3 Bc1 94. Rd1 Be3 95. Rd3 Bc1 96. Rc3 Bd2 97.
Rc2 Be3 98. Ke4 Bg1 99. Rc6+ Kh7 100. Kf4 Bh2+ 101. Kg5 Kg7 102. Rb6 Bg3 103.
Rb7+ Kf8 104. Kxh5 Bf2 105. Kg5 1-0

[Event "IHEM 2001"]
[Site "?"]
[Date "2001.06.05"]
[Round "4.10"]
[White "Bach, Matthias"]
[Black "Trisic, Alexandar"]
[Result "1-0"]
[WhiteElo "2339"]
[BlackElo "2283"]
[PlyCount "67"]
[EventDate "2001.??.??"]

1. d4 d5 2. c4 e6 3. Nc3 Nf6 4. Nf3 Be7 5. g3 O-O 6. Bg2 b6 7. O-O Bb7 8. Ne5
c6 9. f4 Nfd7 10. cxd5 cxd5 11. Be3 f5 12. a3 Na6 13. b4 Nxe5 14. dxe5 Qd7 15.
Qb3 Rfd8 16. Rfd1 Kh8 17. Bd4 Rac8 18. e3 Nc5 19. bxc5 bxc5 20. Nxd5 Bxd5 21.
Bxd5 exd5 22. Bc3 Qc6 23. Rac1 c4 24. Qc2 Bxa3 25. Ra1 Bc5 26. Bd4 Bxd4 27.
exd4 Qd7 28. Ra6 c3 29. Rd3 Qb5 30. Rd6 Rxd6 31. exd6 Qb4 32. d7 Rd8 33. Qxc3
Qxc3 34. Rxc3 1-0

[Event "IHEM 2001"]
[Site "?"]
[Date "2001.06.05"]
[Round "4.11"]
[White "Ftacnik, Lubomir"]
[Black "Lindinger, Markus"]
[Result "1-0"]
[WhiteElo "2618"]
[BlackElo "2299"]
[PlyCount "113"]
[EventDate "2001.??.??"]

1. c4 c5 2. Nf3 Nf6 3. Nc3 Nc6 4. e3 e6 5. d4 d5 6. a3 a6 7. dxc5 Bxc5 8. b4
Ba7 9. Bb2 O-O 10. Qc2 Qe7 11. Rd1 Rd8 12. Be2 Bb8 13. Na4 Bc7 14. cxd5 exd5
15. Nc5 Ne5 16. Nxe5 Bxe5 17. Bd4 a5 18. O-O Bxd4 19. Rxd4 axb4 20. axb4 b6 21.
Na4 Bf5 22. Qb3 Qa7 23. Nc3 Qa3 24. Qxa3 Rxa3 25. Nb5 Ra2 26. Bf3 Rc2 27. Ra1
g5 28. h3 Bd7 29. Na3 Rb2 30. Bxd5 Be6 31. Bxe6 Rxd4 32. exd4 fxe6 33. Re1 Rxb4
34. Rxe6 Kf7 35. Re5 Rxd4 36. Rxg5 Rd5 37. Rg3 Ne4 38. Rf3+ Ke6 39. g4 Nd2 40.
Rc3 Kd6 41. Rc8 Ke5 42. Kg2 h5 43. Nc2 hxg4 44. hxg4 Rc5 45. Re8+ Kf4 46. Ne3
b5 47. Rf8+ Ke4 48. Kg3 Nc4 49. Re8+ Kd3 50. Rd8+ Kc3 51. Nd5+ Kb3 52. g5 Ne5
53. f4 Nf7 54. Rd7 b4 55. Rxf7 Rxd5 56. g6 Rd1 57. f5 1-0

[Event "IHEM 2001"]
[Site "?"]
[Date "2001.06.05"]
[Round "4.12"]
[White "Heyken, Enno"]
[Black "Dankert, Peter"]
[Result "1-0"]
[WhiteElo "2332"]
[BlackElo "2232"]
[PlyCount "68"]
[EventDate "2001.??.??"]

1. d4 d5 2. Nf3 Nf6 3. c4 e6 4. Bg5 Be7 5. e3 O-O 6. Nc3 Nbd7 7. Qc2 a6 8. Rd1
Re8 9. Bd3 Nf8 10. Ne5 c6 11. O-O N6d7 12. Bf4 Nxe5 13. Bxe5 b6 14. b3 Bb7 15.
a4 b5 16. Ne2 g6 17. e4 Nd7 18. Bf4 c5 19. cxd5 exd5 20. exd5 cxd4 21. Nxd4
Bxd5 22. Nc6 Bxc6 23. Qxc6 Rc8 24. Qxa6 Nc5 25. Qxb5 Qd4 26. Be3 Qc3 27. Bxc5
Bxc5 28. Bc4 Re5 29. Qd7 Rf8 30. Rd3 Qb2 31. Rf3 Re7 32. Qd5 Re5 33. Qb7 Qd4
34. a5 Ba7 1-0

[Event "IHEM 2001"]
[Site "?"]
[Date "2001.06.05"]
[Round "4.13"]
[White "Engelbert, Christoph"]
[Black "Maahs, Erich"]
[Result "1/2-1/2"]
[WhiteElo "2238"]
[BlackElo "2199"]
[PlyCount "83"]
[EventDate "2001.??.??"]

1. e4 d5 2. exd5 Nf6 3. Bb5+ Nbd7 4. c4 a6 5. Ba4 b5 6. cxb5 Nxd5 7. Nc3 N5b6
8. Nf3 Nxa4 9. Qxa4 Nc5 10. Qc4 e5 11. O-O Be6 12. Qe2 f6 13. d4 exd4 14. Ne4
d3 15. Qe3 Nxe4 16. Qxe4 Qd5 17. Re1 Qxe4 18. Rxe4 Kf7 19. Ra4 Bc5 20. bxa6 Bd7
21. Ra5 Bb6 22. Rd5 Be6 23. Rxd3 Rxa6 24. Be3 Rb8 25. a4 Bxe3 26. fxe3 Rxb2 27.
Rd2 {(=)} 27... Rb3 28. Kf2 c5 29. Rc2 Ra5 30. Rac1 Rxa4 31. Rxc5 Ra2+ 32. R5c2
Rbb2 33. Nd4 Bd5 34. Rxb2 Rxb2+ 35. Rc2 Rb7 36. Rd2 Be4 37. Nf3 g5 38. Rd4 Re7
39. Rb4 Kg6 40. Nd4 h5 41. Rb6 h4 42. Re6 1/2-1/2

[Event "IHEM 2001"]
[Site "?"]
[Date "2001.06.05"]
[Round "4.14"]
[White "Klarner, William R"]
[Black "Putzbach, Gerd"]
[Result "1/2-1/2"]
[WhiteElo "2197"]
[BlackElo "2235"]
[PlyCount "148"]
[EventDate "2001.??.??"]

1. c4 e5 2. Nc3 d6 3. g3 f5 4. d4 Nc6 5. e3 Nf6 6. Bg2 g6 7. Nge2 Bg7 8. b4 a6
9. O-O O-O 10. a3 Ne7 11. dxe5 dxe5 12. Qb3 Qe8 13. c5+ Kh8 14. Bb2 g5 15. f4
gxf4 16. exf4 e4 17. Rfe1 Nc6 18. Nd1 Be6 19. Qc2 Rd8 20. Rc1 Qf7 21. Qb1 Rd2
22. Rc2 Rfd8 23. Bc3 R2d3 24. Nf2 h5 25. b5 axb5 26. Qxb5 Bc8 27. a4 Ng4 28.
Bxg7+ Qxg7 29. Nxd3 exd3 30. Rd2 dxe2 31. Rxd8+ Nxd8 32. Qe8+ Qg8 33. Qxh5+ Kg7
34. Qg5+ Kh7 35. Qh5+ Nh6 36. Rxe2 Be6 37. Qh4 Qf8 38. h3 Qxc5+ 39. Kh2 Qd6 40.
Qf6 Ng8 41. Qh4+ Nh6 42. Qf6 b6 43. Bf3 Bb3 44. Qc3 Bxa4 45. Rd2 Qe7 46. Qd4
Bc6 47. Re2 Qd6 48. Qxd6 cxd6 49. Bxc6 Nxc6 50. Rb2 Nf7 51. Rxb6 Nd4 52. Kg2
Kg6 53. Kf2 Ne6 54. Ke3 Nc7 55. Rb7 Nd5+ 56. Kf3 Kf6 57. g4 fxg4+ 58. hxg4 Ke6
59. g5 Ne7 60. Kg4 d5 61. Rb6+ Nd6 62. Rb2 d4 63. Re2+ Kf7 64. Rd2 Ndf5 65. Kf3
Nh4+ 66. Ke4 Nhf5 67. Rb2 Kg6 68. Rb6+ Kh5 69. Re6 Kg4 70. g6 d3 71. Kxd3 Kxf4
72. g7 Ng8 73. Re8 Nfh6 74. Kc4 Kf5 1/2-1/2

[Event "IHEM 2001"]
[Site "?"]
[Date "2001.06.06"]
[Round "5.2"]
[White "Farago, Ivan"]
[Black "Rogozenko, Dorian"]
[Result "1/2-1/2"]
[WhiteElo "2485"]
[BlackElo "2537"]
[PlyCount "55"]
[EventDate "2001.??.??"]

1. d4 Nf6 2. c4 e6 3. Nf3 d5 4. Nc3 dxc4 5. e3 a6 6. a4 c5 7. Bxc4 Nc6 8. O-O
Be7 9. Qe2 cxd4 10. Rd1 e5 11. exd4 exd4 12. Be3 Bg4 13. h3 Bxf3 14. Qxf3 O-O
15. Bg5 Rc8 16. Bxf6 Bxf6 17. Nd5 Be5 18. Rac1 Qg5 19. b3 Bd6 20. Qg4 Qxg4 21.
hxg4 Na5 22. Rc2 b5 23. axb5 axb5 24. Bd3 b4 25. Rxc8 Rxc8 26. Nb6 Rc6 27. Ra1
Rxb6 28. Rxa5 {(=)} 1/2-1/2

[Event "IHEM 2001"]
[Site "?"]
[Date "2001.06.06"]
[Round "5.3"]
[White "Mueller, Karsten"]
[Black "Brodsky, Michail"]
[Result "1/2-1/2"]
[WhiteElo "2525"]
[BlackElo "2529"]
[PlyCount "34"]
[EventDate "2001.??.??"]

1. e4 c5 2. Nf3 Nc6 3. d4 cxd4 4. Nxd4 e5 5. Nb5 d6 6. a4 a6 7. N5a3 Be7 8. Nc3
Nf6 9. Bc4 Bg4 10. f3 Be6 11. Be3 Rc8 12. Nd5 Bxd5 13. exd5 Nb8 14. O-O Nbd7
15. Qd2 O-O 16. a5 e4 17. f4 Ng4 {(=)} 1/2-1/2

[Event "IHEM 2001"]
[Site "?"]
[Date "2001.06.06"]
[Round "5.4"]
[White "Levin, Felix"]
[Black "Pajeken, Wolfgang"]
[Result "1/2-1/2"]
[WhiteElo "2535"]
[BlackElo "2337"]
[PlyCount "31"]
[EventDate "2001.??.??"]

1. Nf3 c5 2. c4 g6 3. d4 Bg7 4. e4 cxd4 5. Nxd4 Nc6 6. Be3 Nf6 7. Nc3 Ng4 8.
Qxg4 Bxd4 9. Bxd4 Nxd4 10. O-O-O e5 11. Qg3 d6 12. Ne2 Nxe2+ 13. Bxe2 Be6 14.
Kb1 Qc7 15. Qa3 Qc5 16. Rxd6 {(=)} 1/2-1/2

[Event "IHEM 2001"]
[Site "?"]
[Date "2001.06.06"]
[Round "5.6"]
[White "Buhr, Carl Christian"]
[Black "Reeh, Oliver"]
[Result "0-1"]
[WhiteElo "2392"]
[BlackElo "2414"]
[PlyCount "96"]
[EventDate "2001.??.??"]

1. g3 c5 2. Bg2 g6 3. f4 Bg7 4. Nf3 Nf6 5. O-O O-O 6. Nc3 d5 7. d3 d4 8. Ne4
Nbd7 9. c4 Rb8 10. Nf2 b5 11. b3 a6 12. a4 Ne8 13. Bd2 bxc4 14. bxc4 Nd6 15.
Qe1 Bb7 16. Rb1 Bc6 17. Rxb8 Qxb8 18. Qa1 Qa8 19. Rb1 Re8 20. Qa2 h5 21. a5 e5
22. fxe5 Nxe5 23. Ne1 h4 24. Bf4 hxg3 25. hxg3 Nf5 26. Ne4 Ne3 27. Bxe3 dxe3
28. Rb6 Bxe4 29. Bxe4 Qd8 30. Qa4 Rf8 31. Bd5 Qg5 32. Kg2 Qf5 33. Nf3 Nxf3 34.
Bxf3 Bd4 35. Qd1 Kg7 36. Qg1 Rh8 37. Kf1 g5 38. Ke1 Bc3+ 39. Kd1 Bxa5 40. Rb7
Qe5 41. Kc2 Bb4 42. Kb1 Rb8 43. Rxb8 Qxb8 44. Ka2 Bc3 45. Qc1 Bd4 46. g4 Qb4
47. Qc2 Qa5+ 48. Kb3 Qa1 0-1

[Event "IHEM 2001"]
[Site "?"]
[Date "2001.06.06"]
[Round "5.7"]
[White "Breyther, Ruediger"]
[Black "Ftacnik, Lubomir"]
[Result "0-1"]
[WhiteElo "2363"]
[BlackElo "2618"]
[PlyCount "62"]
[EventDate "2001.??.??"]

1. e4 c5 2. Nf3 e6 3. d4 cxd4 4. Nxd4 Nf6 5. Nc3 d6 6. Be2 Be7 7. O-O Nc6 8.
Be3 Bd7 9. Nb3 O-O 10. f4 Qb8 11. Bf3 b5 12. a4 b4 13. Ne2 e5 14. f5 Rd8 15.
Ng3 Bc8 16. Qd3 Bb7 17. a5 d5 18. a6 dxe4 19. Qb5 Bc8 20. Qxb8 Rxb8 21. Bxe4
Nxe4 22. Nxe4 f6 23. Na5 Nxa5 24. Rxa5 Rd7 25. g4 Bd8 26. Raa1 Bb6 27. Bxb6
Rxb6 28. Rad1 Kf8 29. Rxd7 Bxd7 30. Rd1 Ke7 31. Ra1 Rc6 0-1

[Event "IHEM 2001"]
[Site "?"]
[Date "2001.06.06"]
[Round "5.8"]
[White "Loeffler, Stefan"]
[Black "Bach, Matthias"]
[Result "1-0"]
[WhiteElo "2413"]
[BlackElo "2339"]
[PlyCount "63"]
[EventDate "2001.??.??"]

1. d4 Nf6 2. Nf3 g6 3. c4 c5 4. d5 e6 5. Nc3 exd5 6. cxd5 d6 7. Nd2 Bg7 8. e4
O-O 9. Be2 b6 10. a4 Ba6 11. Bb5 Bxb5 12. axb5 a5 13. Nc4 Re8 14. f3 Nh5 15. g4
Qh4+ 16. Ke2 f5 17. gxh5 fxe4 18. Nxe4 Rxe4+ 19. fxe4 Qxe4+ 20. Ne3 Nd7 21.
hxg6 Re8 22. gxh7+ Qxh7 23. Ra4 c4 24. Rxc4 Qh5+ 25. Kd2 Qh3 26. Kc2 Ne5 27.
Rc7 Qh7+ 28. Kb3 Qb1 29. Rg1 Nf7 30. Nc2 a4+ 31. Ka3 Re3+ 32. Nxe3 1-0

[Event "IHEM 2001"]
[Site "?"]
[Date "2001.06.06"]
[Round "5.9"]
[White "Siebrecht, Sebastian"]
[Black "Meier, David-Geffrey"]
[Result "1-0"]
[WhiteElo "2393"]
[BlackElo "2083"]
[PlyCount "53"]
[EventDate "2001.??.??"]

1. c4 e5 2. Nc3 Nf6 3. Nf3 Nc6 4. d4 exd4 5. Nxd4 Bc5 6. Nc2 O-O 7. g3 Re8 8.
Bg2 d6 9. O-O Bg4 10. h3 Bf5 11. Ne3 Bg6 12. Ned5 Nxd5 13. cxd5 Nb8 14. Kh2 Nd7
15. f4 f6 16. e4 f5 17. exf5 Bxf5 18. g4 Bg6 19. f5 Bf7 20. Ne4 Ne5 21. Ng5 c6
22. b4 Bb6 23. Nxf7 Kxf7 24. dxc6 bxc6 25. b5 d5 26. bxc6 d4 27. Qb3+ 1-0

[Event "IHEM 2001"]
[Site "?"]
[Date "2001.06.06"]
[Round "5.10"]
[White "Kopylov, Michael"]
[Black "Heyken, Enno"]
[Result "1/2-1/2"]
[WhiteElo "2444"]
[BlackElo "2332"]
[PlyCount "23"]
[EventDate "2001.??.??"]

1. d4 e6 2. c4 Nf6 3. Nf3 d5 4. g3 dxc4 5. Bg2 a6 6. Ne5 Nd5 7. Nxc4 b5 8. Ncd2
Bb7 9. Ne4 Nd7 10. O-O c5 11. Nbc3 c4 12. Bf4 1/2-1/2

[Event "IHEM 2001"]
[Site "?"]
[Date "2001.06.06"]
[Round "5.11"]
[White "Langrock, Hannes"]
[Black "Trisic, Alexandar"]
[Result "1-0"]
[WhiteElo "2261"]
[BlackElo "2283"]
[PlyCount "83"]
[EventDate "2001.??.??"]

1. e4 c5 2. Nf3 d6 3. d4 cxd4 4. Qxd4 Nc6 5. Bb5 Bd7 6. Bxc6 Bxc6 7. c4 Nf6 8.
Nc3 e6 9. Bg5 Be7 10. O-O O-O 11. Rfd1 a6 12. b4 b5 13. cxb5 axb5 14. a3 Qc7
15. Qd3 Qb7 16. Nd4 Rfb8 17. Rdc1 Be8 18. Nb3 Ng4 19. Bxe7 Qxe7 20. Na5 Rc8 21.
Ne2 Ne5 22. Qd2 Rd8 23. f4 Ng4 24. h3 Nf6 25. Qd4 e5 26. fxe5 dxe5 27. Qe3 Qe6
28. Nb7 Rdb8 29. Nc5 Qb6 30. Ng3 Nd7 31. Nf5 Qf6 32. Qg3 g6 33. Ne3 Nb6 34. Rf1
Qg7 35. Ng4 Nc4 36. Nf6+ Kh8 37. Nd3 Ra7 38. Nxe5 Rc8 39. Nxc4 bxc4 40. Qc3 Re7
41. a4 Bc6 42. Qxc4 1-0

[Event "IHEM 2001"]
[Site "?"]
[Date "2001.06.06"]
[Round "5.12"]
[White "Lindinger, Markus"]
[Black "Klarner, William R"]
[Result "1-0"]
[WhiteElo "2299"]
[BlackElo "2197"]
[PlyCount "63"]
[EventDate "2001.??.??"]

1. d4 c6 2. c4 d5 3. Nc3 Nf6 4. e3 g6 5. Nf3 Bg7 6. Be2 O-O 7. O-O a6 8. b3 b5
9. Bb2 e6 10. Ne5 Re8 11. f4 Qb6 12. Bf3 Ra7 13. Qd2 Rd8 14. Kh1 Re7 {(=)} 15.
Ba3 Ree8 16. Bc5 Qb7 17. cxb5 cxb5 18. b4 Bf8 19. Bxf8 Rxf8 20. a4 bxa4 21.
Nxa4 Bd7 22. Nc5 Qb6 23. Be2 Bb5 24. Bxb5 Qxb5 25. Rfb1 Rd6 26. Ra5 Qb6 27. Qa2
Ne4 28. Nxe4 dxe4 29. Nc4 Qc7 30. Nxd6 Qxd6 31. Qc4 Rd8 32. Rc1 1-0

[Event "IHEM 2001"]
[Site "?"]
[Date "2001.06.06"]
[Round "5.13"]
[White "Dankert, Peter"]
[Black "Engelbert, Christoph"]
[Result "1-0"]
[WhiteElo "2232"]
[BlackElo "2238"]
[PlyCount "47"]
[EventDate "2001.??.??"]

1. d4 g6 2. e4 Bg7 3. Nf3 d6 4. Nc3 Nf6 5. Be3 O-O 6. Qd2 a6 7. Bd3 b5 8. a3
Bb7 9. Bh6 Nbd7 10. Bxg7 Kxg7 11. O-O-O e5 12. d5 Nc5 13. h4 h6 14. g4 Nxg4 15.
h5 Qf6 16. Qe2 Qf4+ 17. Kb1 f5 18. exf5 Nxd3 19. Rxd3 g5 20. Nh4 Nxf2 21. Rf3
Nxh1 22. Rxf4 exf4 23. f6+ Kf7 24. Qe6# 1-0

[Event "IHEM 2001"]
[Site "?"]
[Date "2001.06.06"]
[Round "5.14"]
[White "Putzbach, Gerd"]
[Black "Fjodorow, Peter"]
[Result "1/2-1/2"]
[WhiteElo "2235"]
[BlackElo "2040"]
[PlyCount "54"]
[EventDate "2001.??.??"]

1. d4 Nf6 2. c4 g6 3. Nc3 d5 4. cxd5 Nxd5 5. e4 Nxc3 6. bxc3 Bg7 7. Nf3 c5 8.
Rb1 O-O 9. Be2 cxd4 10. cxd4 Qa5+ 11. Qd2 Qxd2+ 12. Bxd2 b6 13. Rc1 e6 14. Bb4
Rd8 15. Be7 Re8 16. d5 exd5 17. exd5 Ba6 18. d6 Bf8 19. Rc7 Bxe2 20. Kxe2 Na6
21. Rb7 Nc5 22. Rc7 Ne4 23. Bxf8 Nxd6+ 24. Be7 Nf5 25. Rd1 Rxe7+ 26. Rxe7 Nxe7
27. Rd7 Kf8 {(=)} 1/2-1/2

[Event "IHEM 2001"]
[Site "?"]
[Date "2001.06.06"]
[Round "5.15"]
[White "Maahs, Erich"]
[Black "Dave, Shreyas"]
[Result "0-1"]
[WhiteElo "2199"]
[BlackElo "2134"]
[PlyCount "104"]
[EventDate "2001.??.??"]

1. e4 c6 2. Bc4 d5 3. Bb3 dxe4 4. Qh5 g6 5. Qh4 Nf6 6. Nc3 Bg7 7. Nxe4 Nxe4 8.
Qxe4 O-O 9. Nf3 Nd7 10. d4 e5 11. Bg5 Qa5+ 12. Bd2 Qc7 13. dxe5 Nxe5 14. O-O-O
Nxf3 15. Qxf3 Qe5 16. c3 Qf5 17. Qe3 a5 18. f3 a4 19. Bc2 Qd5 20. a3 Bf5 21.
Be1 Qb5 22. Bxf5 Qxf5 23. g4 Qb5 24. Bg3 Rfe8 25. Qd3 Qb3 26. Rhe1 b5 27. Rxe8+
Rxe8 28. Qd7 Re2 29. Qd8+ Bf8 30. Rd2 Rxd2 31. Qxd2 Qe6 32. Bf4 Qc4 {(=)} 33.
Kc2 c5 34. Be5 b4 35. Kc1 Qf1+ 36. Qd1 Qxd1+ 37. Kxd1 bxa3 38. bxa3 c4 39. Ke2
Bxa3 40. Kd2 Bc5 41. h3 Kf8 42. Bf6 Ke8 43. Kc2 Kd7 44. Kb2 Ke6 45. Bg5 Ke5 46.
Bh6 f5 47. Ka2 Kf6 48. Bc1 fxg4 49. fxg4 Ke5 50. Ba3 Bxa3 51. Kxa3 g5 52. Kxa4
Ke4 0-1